[Event "FRA-chT3 Gr14 0607"]
[Site "France"]
[Date "2007.03.31"]
[Round "8.5"]
[White "Tassetti, Matthieu"]
[Black "Kehren, Theo"]
[Result "1-0"]
[WhiteElo "1985"]
[BlackElo "1695"]
[PlyCount "69"]
[EventDate "2006.10.15"]
[EventType "team"]
[EventRounds "9"]
[EventCountry "FRA"]
[SourceTitle "EXT 2008"]
[Source "ChessBase"]
[SourceDate "2007.11.25"]
[SourceVersion "1"]
[SourceVersionDate "2007.11.25"]
[SourceQuality "1"]

1. Nf3 d6 2. g3 e5 3. d3 Nf6 4. Bg2 Nc6 5. 0-0 Be7 6. c4 0-0 7. Nc3 Bd7 8. a3 a5 9. Rb1 Qc8 10. Re1 Bh3 11. Bh1 h6 12. Bd2 Qg4 13. b4 axb4 14. axb4 Rfb8 15. Qc2 Qc8 16. Qb2 Nd8 17. Ra1 Rxa1 18. Rxa1 Ra8 19. Ne1 Bd7 20. Nc2 Rxa1+ 21. Qxa1 Qb8 22. Ne3 Bc6 23. Ncd5 Nxd5 24. Nxd5 Bxd5 25. Bxd5 c6 26. Bg2 Ne6 27. Be3 f5 28. Qa4 Kf7 29. b5 c5 30. b6 Nd8 31. Bd5+ Kf6 32. h4 g5 33. Qe8 Qa8 34. h5 f4 35. Qg6# 1-0

[Event "St Chely d'Aubrac op 6th"]
[Site "St Chely d'Aubrac"]
[Date "2006.07.19"]
[Round "6"]
[White "Karpatchev, Aleksandr"]
[Black "Tassetti, Matthieu"]
[Result "1-0"]
[WhiteElo "2533"]
[BlackElo "1979"]
[PlyCount "61"]
[EventDate "2006.07.15"]
[EventType "swiss"]
[EventRounds "9"]
[EventCountry "FRA"]
[SourceTitle "CBM 113 Extra"]
[Source "ChessBase"]
[SourceDate "2006.09.14"]
[SourceVersion "1"]
[SourceVersionDate "2006.09.14"]
[SourceQuality "1"]

1. e4 g6 2. d4 Bg7 3. Nc3 c6 4. Nf3 d5 5. Bf4 dxe4 6. Nxe4 Nd7 7. Qe2 Nh6 8. Nd6+ Kf8 9. Nxc8 Rxc8 10. Qd2 Ng4 11. h3 Ngf6 12. Be2 Nd5 13. Bh6 N7f6 14. Bd3 c5 15. dxc5 Rxc5 16. 0-0 Qa5 17. c3 Qc7 18. c4 Nb6 19. b3 Rh5 20. Bf4 Qc8 21. Rad1 Nbd7 22. Rfe1 Nc5 23. Bc2 Ne6 24. Be3 b5 25. Ng5 bxc4 26. bxc4 h6 27. Nxe6+ Qxe6 28. Qd8+ Ne8 29. Qxe8+ Kxe8 30. Ba4+ Qd7 31. Rxd7 1-0

[Event "FRA-chT2D 0506"]
[Site "France"]
[Date "2006.04.02"]
[Round "11.9"]
[White "Tassetti, Matthieu"]
[Black "Roumegous, Etienne"]
[Result "0-1"]
[WhiteElo "1962"]
[BlackElo "2112"]
[PlyCount "64"]
[EventDate "2005.10.27"]
[EventType "team-tourn"]
[EventRounds "11"]
[EventCountry "FRA"]
[SourceTitle "EXT 2006"]
[Source "ChessBase"]
[SourceDate "2005.11.24"]
[SourceVersion "1"]
[SourceVersionDate "2005.11.24"]
[SourceQuality "1"]
[WhiteTeam "Mulhouse"]
[BlackTeam "Evry II"]
[WhiteTeamCountry "FRA"]
[BlackTeamCountry "FRA"]

1. Nf3 d5 2. g3 c5 3. Bg2 Nc6 4. d3 e5 5. 0-0 f6 6. c3 Be6 7. e4 Nge7 8. Qc2 Qd7 9. Be3 d4 10. cxd4 cxd4 11. Bd2 g5 12. h4 gxh4 13. Nxh4 Ng6 14. Kh2 0-0-0 15. f4 exf4 16. Bxf4 Nge5 17. Bxe5 fxe5 18. Nf5 Kb8 19. a3 h5 20. Nd2 Be7 21. Nf3 Rdg8 22. N3h4 Bxh4 23. gxh4 Ne7 24. Qc5 Ng6 25. Rf2 Rc8 26. Qd6+ Qxd6 27. Nxd6 Rc6 28. Rf6 Nf4 29. Nf5 Rc2 30. Nxd4 Rxg2+ 31. Kh1 Bh3 32. Nf3 Ne2 0-1

[Event "FRA-ch U18"]
[Site "Aix les Bains"]
[Date "2006.04.??"]
[Round "2"]
[White "Tassetti, Matthieu"]
[Black "Soyez, Cyril"]
[Result "1/2-1/2"]
[WhiteElo "1974"]
[BlackElo "2147"]
[PlyCount "73"]
[EventDate "2006.04.??"]
[EventType "swiss"]
[EventRounds "8"]
[EventCountry "FRA"]
[SourceTitle "EXT 2007"]
[Source "ChessBase"]
[SourceDate "2006.11.23"]
[SourceVersion "1"]
[SourceVersionDate "2006.11.23"]
[SourceQuality "1"]

1. Nf3 g6 2. g3 Bg7 3. Bg2 c5 4. 0-0 Nc6 5. d3 e6 6. e4 Nge7 7. c3 d5 8. Nbd2 0-0 9. Re1 b5 10. e5 a5 11. Nf1 Ba6 12. h4 Qb6 13. Bf4 d4 14. cxd4 cxd4 15. Qd2 Rac8 16. a3 b4 17. N1h2 bxa3 18. bxa3 Qb3 19. Bf1 Qc3 20. Ng4 Qxd2 21. Bxd2 h5 22. Nf6+ Bxf6 23. exf6 Nd5 24. Bg5 a4 25. Rac1 Rfd8 26. Nd2 Nc3 27. Nc4 Rb8 28. Bg2 Bxc4 29. dxc4 Na5 30. Bf4 Nxc4 31. Bxb8 Rxb8 32. Bf1 Nxa3 33. Re5 Rb1 34. Rxb1 Naxb1 35. Ra5 a3 36. Ra8+ Kh7 37. Bc4 1/2-1/2

[Event "St Chely d'Aubrac op 5th"]
[Site "St Chely d'Aubrac"]
[Date "2005.07.14"]
[Round "7"]
[White "Soyer, Jean Yves"]
[Black "Tassetti, Matthieu"]
[Result "1/2-1/2"]
[WhiteElo "2146"]
[BlackElo "1956"]
[PlyCount "37"]
[EventDate "2005.07.09"]
[EventType "swiss"]
[EventRounds "9"]
[EventCountry "FRA"]
[SourceTitle "CBM 107 Extra"]
[Source "ChessBase"]
[SourceDate "2005.09.01"]
[SourceVersion "1"]
[SourceVersionDate "2005.09.01"]
[SourceQuality "1"]

1. c4 g6 2. e4 Bg7 3. d4 d6 4. Nf3 e5 5. dxe5 dxe5 6. Qxd8+ Kxd8 7. Nc3 f6 8. Be3 c6 9. 0-0-0+ Nd7 10. g4 Kc7 11. g5 Bf8 12. gxf6 Ngxf6 13. Ng5 Nc5 14. Nf7 Rg8 15. Nxe5 Ncxe4 16. Nxe4 Nxe4 17. f3 Bc5 18. Bxc5 Nxc5 19. h4 1/2-1/2

[Event "St Chely d'Aubrac op 5th"]
[Site "St Chely d'Aubrac"]
[Date "2005.07.09"]
[Round "1"]
[White "Trzesniower, Jacques"]
[Black "Tassetti, Matthieu"]
[Result "0-1"]
[WhiteElo "1430"]
[BlackElo "1956"]
[PlyCount "54"]
[EventDate "2005.07.09"]
[EventType "swiss"]
[EventRounds "9"]
[EventCountry "FRA"]
[SourceTitle "CBM 107 Extra"]
[Source "ChessBase"]
[SourceDate "2005.09.01"]
[SourceVersion "1"]
[SourceVersionDate "2005.09.01"]
[SourceQuality "1"]

1. Nf3 Nf6 2. g3 g6 3. Bg2 Bg7 4. 0-0 0-0 5. d3 d6 6. e4 Nbd7 7. Nbd2 c5 8. Qe2 Qc7 9. Re1 Ne8 10. c3 Rb8 11. a4 b6 12. Nc4 Bb7 13. Bg5 f6 14. Bf4 e5 15. Bc1 d5 16. Ncd2 Nd6 17. h3 c4 18. Nh2 cxd3 19. Qxd3 Nc5 20. Qc2 dxe4 21. Ng4 f5 22. Ne3 Rbd8 23. Rf1 f4 24. Nec4 f3 25. Bh1 Nd3 26. Qb3 Bd5 27. Qb4 Nxb4 0-1

[Event "FRA-chT U20 0304"]
[Site "France"]
[Date "2003.11.22"]
[Round "1"]
[White "Heinz, Timothee"]
[Black "Tassetti, Matthieu"]
[Result "1-0"]
[WhiteElo "2119"]
[BlackElo "1940"]
[PlyCount "63"]
[EventDate "2003.11.??"]
[EventType "team"]
[EventRounds "11"]
[EventCountry "FRA"]
[SourceTitle "EXT 2005"]
[Source "ChessBase"]
[SourceDate "2004.11.15"]
[SourceVersion "1"]
[SourceVersionDate "2004.11.15"]
[SourceQuality "1"]
[WhiteTeam "Bischwiller"]
[BlackTeam "Mulhouse"]
[WhiteTeamCountry "FRA"]
[BlackTeamCountry "FRA"]

1. e4 c5 2. Nf3 Nc6 3. d4 cxd4 4. Nxd4 g6 5. Nc3 Bg7 6. Nb3 Nf6 7. f4 d6 8. Be2 0-0 9. Be3 Be6 10. g4 d5 11. f5 Bc8 12. exd5 Nb4 13. Bf3 gxf5 14. a3 fxg4 15. Bg2 Na6 16. Qd3 Qd6 17. 0-0-0 Rd8 18. h3 Qe5 19. Rdf1 Be6 20. hxg4 Bxg4 21. Kb1 Qd6 22. Bf4 Qd7 23. Be5 h5 24. Bf3 Qf5 25. Qe3 Qg6 26. Rhg1 Rac8 27. Bxf6 Bxf6 28. Bxg4 hxg4 29. Qf4 Kf8 30. Rxg4 Qh5 31. Rfg1 Ke8 32. Qa4+ 1-0

[Event "FRA-ch U14"]
[Site "Hyeres"]
[Date "2002.??.??"]
[Round "1.5"]
[White "Forgues, Fabien"]
[Black "Tassetti, Matthieu"]
[Result "1/2-1/2"]
[WhiteElo "2130"]
[BlackElo "1720"]
[PlyCount "126"]
[EventDate "2002.04.05"]
[EventType "swiss"]
[EventRounds "9"]
[EventCountry "FRA"]
[SourceTitle "EXT 2003"]
[Source "ChessBase"]
[SourceDate "2002.11.25"]
[SourceVersion "1"]
[SourceVersionDate "2002.11.25"]
[SourceQuality "1"]

1. e4 c5 2. c3 d5 3. exd5 Qxd5 4. d4 Nc6 5. Nf3 cxd4 6. cxd4 e6 7. Be2 Nf6 8. 0-0 Be7 9. Be3 0-0 10. Nc3 Qd6 11. Qb3 a6 12. a3 b5 13. Rfd1 Rd8 14. Rac1 Bb7 15. Qa2 h6 16. Ne1 Rd7 17. Bf3 Na5 18. Bxb7 Nxb7 19. h3 Na5 20. Nd3 Nd5 21. Nxd5 Qxd5 22. Qxd5 Rxd5 23. b4 Nc4 24. Rc3 Bf6 25. Nc5 e5 26. Ne4 Be7 27. Rb3 Rad8 28. Nc3 R5d7 29. d5 Bg5 30. Bxg5 hxg5 31. a4 bxa4 32. Nxa4 Rxd5 33. Rxd5 Rxd5 34. Rc3 Nd6 35. Nc5 Rd1+ 36. Kh2 Ra1 37. Rd3 Nb5 38. Rd8+ Kh7 39. Ra8 Ra2 40. Kg3 f5 41. Rxa6 Rxa6 42. Nxa6 e4 43. f4 Kg6 44. Nc5 Nd4 45. fxg5 Kxg5 46. Kf2 Kh4 47. Nd7 f4 48. Nc5 e3+ 49. Kf1 Kg3 50. Ne4+ Kh4 51. Nd6 g5 52. b5 Kg3 53. Ne4+ Kh4 54. b6 g4 55. hxg4 Kxg4 56. b7 Nc6 57. Nf6+ Kg3 58. Ne4+ Kg4 59. Ke2 Kf5 60. Nc5 Nb8 61. Kf3 Nc6 62. Ke2 Kg4 63. Nd7 Kg3 1/2-1/2